| 000 | 00466nam a22001937a 4500 | ||
|---|---|---|---|
| 003 | MPLRDC | ||
| 005 | 20220104154841.0 | ||
| 008 | 210129b ||||| |||| 00| 0 eng d | ||
| 020 | _a986-7782-26-7 | ||
| 082 | _a268 NEUS | ||
| 100 | _aJACOB NEUSNER | ||
| 245 |
_a犹太教 _c周伟驰译 |
||
| 250 | _a一版一刷 | ||
| 260 |
_a台湾 _b麦田出版 _c2002 |
||
| 300 | _b156 | ||
| 490 | _a麦田人文. 63 | ||
| 650 | _a犹太教史 | ||
| 942 |
_cBK _o268 NEUS |
||
| 999 |
_c54187 _d54177 |
||